000 00370nam a22001697a 4500
003 MPLRDC
005 20220104114529.0
008 210129b ||||| |||| 00| 0 eng d
082 _a857.6 XT
100 _a萧铜
245 _a柳巷
_c
250 _a初版
260 _a
_b大光出版社
_c1976
300 _b
650 _a短篇小说
942 _cBK
_o857.6 XT
999 _c8195
_d8185